000
00214 a2200097 4500
001
58723
100
_a
245
_a
Flight dynamics
260
_a
New Jersey
_b
Preantice Hall
_c
2004
090
_c
36044
_d
36044
942
_a
NUST-CAE
_c
MONOGRAPH
_c
28941
999
_c
293796
_d
293796